Blitz: Big, Bang, Theory or Big Bang Theory? Quiz Stats

 Plays Quiz not verified by Sporcle

Score 0/30 Timer 01:00
2 Plays Today
% Correct
Big Bang Theory
93.9%
Big Bang Theory
93.2%
Big Bang Theory
93%
Big Bang Theory
92.9%
Big Bang Theory
92.7%
Big Bang Theory
91.8%
Big Bang Theory
91.7%
Theory
90.9%
Big
90.7%
Big
90.4%
Big
90.2%
Big
90.2%
Theory
90.2%
Bang
90%
Theory
90%
% Correct
Bang
89.9%
Big
89.7%
Bang
89.7%
Bang
89.7%
Theory
89.7%
Theory
89.6%
Big
89.5%
Big
89.4%
Bang
89.3%
Bang
89.3%
Theory
89.2%
Bang
88.9%
Theory
88.8%
Bang
88.4%
Big
88%

You're not logged in!

Compare scores with friends on all Sporcle quizzes.
OR
Log In

Sporcle TV

Today on Sporcle TV


Watch our educational content, quiz creation guides, and fun videos on Sporcle TV.

Show Comments

Extras

Top Quizzes Today


Score Distribution

Your Account Isn't Verified!

In order to create a playlist on Sporcle, you need to verify the email address you used during registration. Go to your Sporcle Settings to finish the process.

Report this User

Report this user for behavior that violates our Community Guidelines.

Details: